000
00244nam a22001217a 4500
003
SGT
082
_b
KUM
100
_a
KUMAR, ARVIND
245
_a
AGRICULTURAL SCIENCE DIGEST
260
_a
INDIA
_b
ICAR
_c
2023
300
_a
416
942
_2
ddc
_c
BV
999
_c
29889
_d
29889